{"text_format":"3","workbook":"xls","n_sheets":1,"sheets":["bidtab"],"not_rendered":{"external_links":1},"read":"whole","date_system":"1900","formulas":"cached_only"}

{"sheet":"bidtab","index":0,"n_rows":116,"n_cols":15,"rows_kept":116,"flags":["formulas_cached_only"]}
[null,null,"Bid Tabulation for Indian Creek Stormwater Improvements West of Metcalf Avenue"]
[null,null,"Civil/Roadway",{"$nulls":4},"Lowest Bidder",{"$nulls":3},"Highest Bidder"]
[{"$nulls":5},"Engineer's Opinion",null,"PYRAMID EXCAVATING & CONSTRUCTION",null,"MILES EXCAVATING",null,"PYRAMID CONTRACTORS",null,"Average Bid"]
[null,"ITEM NO.","ITEM DESCRIPTION","TOTAL QUANTITY","UNIT","UNIT COST","TOTAL","UNIT COST","TOTAL","UNIT COST","TOTAL","UNIT COST","TOTAL","UNIT COST","TOTAL"]
[null,1,"Force Account",1,"L.S.",{"v":75000,"d":"$75,000.00"},{"v":75000,"d":"$75,000.00"},{"v":75000,"d":"$75,000.00"},{"v":75000,"d":"$75,000.00"},{"v":75000,"d":"$75,000.00"},{"v":75000,"d":"$75,000.00"},{"v":75000,"d":"$75,000.00"},{"v":75000,"d":"$75,000.00"},{"v":75000,"d":"$75,000.00"},{"v":75000,"d":"$75,000.00"}]
[null,2,"Clearing and Grubbing (Indian Ck.)",1,"L.S.",{"v":50000,"d":"$50,000.00"},{"v":50000,"d":"$50,000.00"},{"v":200000,"d":"$200,000.00"},{"v":200000,"d":"$200,000.00"},{"v":89750,"d":"$89,750.00"},{"v":89750,"d":"$89,750.00"},{"v":95000,"d":"$95,000.00"},{"v":95000,"d":"$95,000.00"},{"v":144875,"d":"$144,875.00"},{"v":144875,"d":"$144,875.00"}]
[null,3,"Clearing and Grubbing (Gramercy)",1,"L.S.",{"v":25000,"d":"$25,000.00"},{"v":25000,"d":"$25,000.00"},{"v":3000,"d":"$3,000.00"},{"v":3000,"d":"$3,000.00"},{"v":37895,"d":"$37,895.00"},{"v":37895,"d":"$37,895.00"},{"v":12000,"d":"$12,000.00"},{"v":12000,"d":"$12,000.00"},{"v":20447.5,"d":"$20,447.50"},{"v":20447.5,"d":"$20,447.50"}]
[null,4,"Tree Removal",30,"EACH",{"v":350,"d":"$350.00"},{"v":10500,"d":"$10,500.00"},{"v":300,"d":"$300.00"},{"v":9000,"d":"$9,000.00"},{"v":300,"d":"$300.00"},{"v":9000,"d":"$9,000.00"},{"v":500,"d":"$500.00"},{"v":15000,"d":"$15,000.00"},{"v":300,"d":"$300.00"},{"v":9000,"d":"$9,000.00"}]
[null,5,"Tree Replacement",31,"EACH",{"v":300,"d":"$300.00"},{"v":9300,"d":"$9,300.00"},{"v":300,"d":"$300.00"},{"v":9300,"d":"$9,300.00"},{"v":225,"d":"$225.00"},{"v":6975,"d":"$6,975.00"},{"v":600,"d":"$600.00"},{"v":18600,"d":"$18,600.00"},{"v":262.5,"d":"$262.50"},{"v":8137.5,"d":"$8,137.50"}]
[null,6,"Removal of Existing Structures  (Indian Ck.)",1,"L.S.",{"v":240200,"d":"$240,200.00"},{"v":240200,"d":"$240,200.00"},{"v":112298.4,"d":"$112,298.40"},{"v":112298.4,"d":"$112,298.40"},{"v":112032,"d":"$112,032.00"},{"v":112032,"d":"$112,032.00"},{"v":165000,"d":"$165,000.00"},{"v":165000,"d":"$165,000.00"},{"v":112165.2,"d":"$112,165.20"},{"v":112165.2,"d":"$112,165.20"}]
[null,7,"Removal of Existing Structures (Gramercy)",1,"L.S.",{"v":24900,"d":"$24,900.00"},{"v":24900,"d":"$24,900.00"},{"v":1500,"d":"$1,500.00"},{"v":1500,"d":"$1,500.00"},{"v":19646,"d":"$19,646.00"},{"v":19646,"d":"$19,646.00"},{"v":10000,"d":"$10,000.00"},{"v":10000,"d":"$10,000.00"},{"v":10573,"d":"$10,573.00"},{"v":10573,"d":"$10,573.00"}]
[null,8,"Unclassified Excavation",16851,"C.Y.",{"v":8,"d":"$8.00"},{"v":134808,"d":"$134,808.00"},{"v":8,"d":"$8.00"},{"v":134808,"d":"$134,808.00"},{"v":2.5,"d":"$2.50"},{"v":42127.5,"d":"$42,127.50"},{"v":4.5,"d":"$4.50"},{"v":75829.5,"d":"$75,829.50"},{"v":5.25,"d":"$5.25"},{"v":88467.75,"d":"$88,467.75"}]
[null,9,"Embankment (Contractor Furnished)",14590,"C.Y.",{"v":10,"d":"$10.00"},{"v":145900,"d":"$145,900.00"},{"v":6.6,"d":"$6.60"},{"v":96294,"d":"$96,294.00"},{"v":7.25,"d":"$7.25"},{"v":105777.5,"d":"$105,777.50"},{"v":18,"d":"$18.00"},{"v":262620,"d":"$262,620.00"},{"v":6.925,"d":"$6.93"},{"v":101035.75,"d":"$101,035.75"}]
[null,10,"Embankment (Contractor Furnished)(Gramercy)",10565,"C.Y.",{"v":8,"d":"$8.00"},{"v":84520,"d":"$84,520.00"},{"v":6,"d":"$6.00"},{"v":63390,"d":"$63,390.00"},{"v":7.25,"d":"$7.25"},{"v":76596.25,"d":"$76,596.25"},{"v":14,"d":"$14.00"},{"v":147910,"d":"$147,910.00"},{"v":6.625,"d":"$6.63"},{"v":69993.125,"d":"$69,993.13"}]
[null,11,"Earthwork Compaction (Type B) (MR-90)",2800,"C.Y.",{"v":3,"d":"$3.00"},{"v":8400,"d":"$8,400.00"},{"v":0.8,"d":"$0.80"},{"v":2240,"d":"$2,240.00"},{"v":1.75,"d":"$1.75"},{"v":4900,"d":"$4,900.00"},{"v":5.35,"d":"$5.35"},{"v":14979.999999999998,"d":"$14,980.00"},{"v":1.275,"d":"$1.28"},{"v":3570,"d":"$3,570.00"}]
[null,12,"Earthwork Compaction (Type AA) (MR-3-3)",12976,"C.Y.",{"v":5,"d":"$5.00"},{"v":64880,"d":"$64,880.00"},{"v":0.8,"d":"$0.80"},{"v":10380.800000000001,"d":"$10,380.80"},{"v":2.5,"d":"$2.50"},{"v":32440,"d":"$32,440.00"},{"v":3.5,"d":"$3.50"},{"v":45416,"d":"$45,416.00"},{"v":1.65,"d":"$1.65"},{"v":21410.4,"d":"$21,410.40"}]
[null,13,"Asphaltic Concrete (BM-2)",249,"TONS",{"v":50,"d":"$50.00"},{"v":12450,"d":"$12,450.00"},{"v":38,"d":"$38.00"},{"v":9462,"d":"$9,462.00"},{"v":34,"d":"$34.00"},{"v":8466,"d":"$8,466.00"},{"v":45,"d":"$45.00"},{"v":11205,"d":"$11,205.00"},{"v":36,"d":"$36.00"},{"v":8964,"d":"$8,964.00"}]
[null,14,"Asphaltic Concrete (BM-2B Modified)",864,"TONS",{"v":40,"d":"$40.00"},{"v":34560,"d":"$34,560.00"},{"v":32,"d":"$32.00"},{"v":27648,"d":"$27,648.00"},{"v":35,"d":"$35.00"},{"v":30240,"d":"$30,240.00"},{"v":42,"d":"$42.00"},{"v":36288,"d":"$36,288.00"},{"v":33.5,"d":"$33.50"},{"v":28944,"d":"$28,944.00"}]
[null,15,"Aggregate for Base (AB-3)",30,"TONS",{"v":18,"d":"$18.00"},{"v":540,"d":"$540.00"},{"v":21,"d":"$21.00"},{"v":630,"d":"$630.00"},{"v":15,"d":"$15.00"},{"v":450,"d":"$450.00"},{"v":40,"d":"$40.00"},{"v":1200,"d":"$1,200.00"},{"v":18,"d":"$18.00"},{"v":540,"d":"$540.00"}]
[null,16,"Plant Mix Bituminous Mixture (4\")",2291,"S.Y.",{"v":18,"d":"$18.00"},{"v":41238,"d":"$41,238.00"},{"v":10.3,"d":"$10.30"},{"v":23597.300000000003,"d":"$23,597.30"},{"v":9.5,"d":"$9.50"},{"v":21764.5,"d":"$21,764.50"},{"v":12,"d":"$12.00"},{"v":27492,"d":"$27,492.00"},{"v":9.9,"d":"$9.90"},{"v":22680.9,"d":"$22,680.90"}]
[null,17,"Temporary Surfacing Material",200,"TONS",{"v":17,"d":"$17.00"},{"v":3400,"d":"$3,400.00"},{"v":20,"d":"$20.00"},{"v":4000,"d":"$4,000.00"},{"v":15,"d":"$15.00"},{"v":3000,"d":"$3,000.00"},{"v":25,"d":"$25.00"},{"v":5000,"d":"$5,000.00"},{"v":17.5,"d":"$17.50"},{"v":3500,"d":"$3,500.00"}]
[null,18,"Concrete Pavement (10\") (AE) (Br. App.)",264,"S.Y.",{"v":100,"d":"$100.00"},{"v":26400,"d":"$26,400.00"},{"v":115,"d":"$115.00"},{"v":30360,"d":"$30,360.00"},{"v":127.5,"d":"$127.50"},{"v":33660,"d":"$33,660.00"},{"v":167,"d":"$167.00"},{"v":44088,"d":"$44,088.00"},{"v":121.25,"d":"$121.25"},{"v":32010,"d":"$32,010.00"}]
[null,19,"Combined Curb and Gutter (Type B) (AE)",1376,"L.F.",{"v":10,"d":"$10.00"},{"v":13760,"d":"$13,760.00"},{"v":11.5,"d":"$11.50"},{"v":15824,"d":"$15,824.00"},{"v":12.5,"d":"$12.50"},{"v":17200,"d":"$17,200.00"},{"v":12,"d":"$12.00"},{"v":16512,"d":"$16,512.00"},{"v":12,"d":"$12.00"},{"v":16512,"d":"$16,512.00"}]
[null,20,"Combined Curb and Gutter (Type C) (AE)",116,"L.F.",{"v":15,"d":"$15.00"},{"v":1740,"d":"$1,740.00"},{"v":13,"d":"$13.00"},{"v":1508,"d":"$1,508.00"},{"v":15.25,"d":"$15.25"},{"v":1769,"d":"$1,769.00"},{"v":12,"d":"$12.00"},{"v":1392,"d":"$1,392.00"},{"v":14.125,"d":"$14.13"},{"v":1638.5,"d":"$1,638.50"}]
[null,21,"Class B Street Repair",2385,"S.F.",{"v":5,"d":"$5.00"},{"v":11925,"d":"$11,925.00"},{"v":7,"d":"$7.00"},{"v":16695,"d":"$16,695.00"},{"v":6.5,"d":"$6.50"},{"v":15502.5,"d":"$15,502.50"},{"v":3,"d":"$3.00"},{"v":7155,"d":"$7,155.00"},{"v":6.75,"d":"$6.75"},{"v":16098.75,"d":"$16,098.75"}]
[null,22,"Sidewalk Construction (4\")",13747,"S.F.",{"v":3,"d":"$3.00"},{"v":41241,"d":"$41,241.00"},{"v":3.5,"d":"$3.50"},{"v":48114.5,"d":"$48,114.50"},{"v":3.75,"d":"$3.75"},{"v":51551.25,"d":"$51,551.25"},{"v":4,"d":"$4.00"},{"v":54988,"d":"$54,988.00"},{"v":3.625,"d":"$3.63"},{"v":49832.875,"d":"$49,832.88"}]
[null,23,"Sidewalk Construction (6\")",610,"S.F.",{"v":3.5,"d":"$3.50"},{"v":2135,"d":"$2,135.00"},{"v":7,"d":"$7.00"},{"v":4270,"d":"$4,270.00"},{"v":6.75,"d":"$6.75"},{"v":4117.5,"d":"$4,117.50"},{"v":7,"d":"$7.00"},{"v":4270,"d":"$4,270.00"},{"v":6.875,"d":"$6.88"},{"v":4193.75,"d":"$4,193.75"}]
[null,24,"12\" RCP Class III Storm Sewer",194,"L.F.",{"v":30,"d":"$30.00"},{"v":5820,"d":"$5,820.00"},{"v":45,"d":"$45.00"},{"v":8730,"d":"$8,730.00"},{"v":30.5,"d":"$30.50"},{"v":5917,"d":"$5,917.00"},{"v":70,"d":"$70.00"},{"v":13580,"d":"$13,580.00"},{"v":37.75,"d":"$37.75"},{"v":7323.5,"d":"$7,323.50"}]
[null,25,"15\" RCP Class III Storm Sewer",48,"L.F.",{"v":34,"d":"$34.00"},{"v":1632,"d":"$1,632.00"},{"v":55,"d":"$55.00"},{"v":2640,"d":"$2,640.00"},{"v":32.5,"d":"$32.50"},{"v":1560,"d":"$1,560.00"},{"v":85,"d":"$85.00"},{"v":4080,"d":"$4,080.00"},{"v":43.75,"d":"$43.75"},{"v":2100,"d":"$2,100.00"}]
[null,26,"18\" RCP Class III Storm Sewer",147,"L.F.",{"v":38,"d":"$38.00"},{"v":5586,"d":"$5,586.00"},{"v":45,"d":"$45.00"},{"v":6615,"d":"$6,615.00"},{"v":36,"d":"$36.00"},{"v":5292,"d":"$5,292.00"},{"v":65,"d":"$65.00"},{"v":9555,"d":"$9,555.00"},{"v":40.5,"d":"$40.50"},{"v":5953.5,"d":"$5,953.50"}]
[null,27,"24\" RCP Class III Storm Sewer",372,"L.F.",{"v":42,"d":"$42.00"},{"v":15624,"d":"$15,624.00"},{"v":48,"d":"$48.00"},{"v":17856,"d":"$17,856.00"},{"v":45.5,"d":"$45.50"},{"v":16926,"d":"$16,926.00"},{"v":75,"d":"$75.00"},{"v":27900,"d":"$27,900.00"},{"v":46.75,"d":"$46.75"},{"v":17391,"d":"$17,391.00"}]
[null,28,"30\" RCP Class III Storm Sewer",37,"L.F.",{"v":50,"d":"$50.00"},{"v":1850,"d":"$1,850.00"},{"v":75,"d":"$75.00"},{"v":2775,"d":"$2,775.00"},{"v":63.5,"d":"$63.50"},{"v":2349.5,"d":"$2,349.50"},{"v":125,"d":"$125.00"},{"v":4625,"d":"$4,625.00"},{"v":69.25,"d":"$69.25"},{"v":2562.25,"d":"$2,562.25"}]
[null,29,"36\" RCP Class III Storm Sewer",32,"L.F.",{"v":60,"d":"$60.00"},{"v":1920,"d":"$1,920.00"},{"v":105,"d":"$105.00"},{"v":3360,"d":"$3,360.00"},{"v":83.5,"d":"$83.50"},{"v":2672,"d":"$2,672.00"},{"v":140,"d":"$140.00"},{"v":4480,"d":"$4,480.00"},{"v":94.25,"d":"$94.25"},{"v":3016,"d":"$3,016.00"}]
[null,30,"48\" RCP Class IV Storm Sewer",115,"L.F.",{"v":110,"d":"$110.00"},{"v":12650,"d":"$12,650.00"},{"v":120,"d":"$120.00"},{"v":13800,"d":"$13,800.00"},{"v":110,"d":"$110.00"},{"v":12650,"d":"$12,650.00"},{"v":160,"d":"$160.00"},{"v":18400,"d":"$18,400.00"},{"v":115,"d":"$115.00"},{"v":13225,"d":"$13,225.00"}]
[null,31,"73\" x 45\" RCAP Class IV Storm Sewer",356,"L.F.",{"v":190,"d":"$190.00"},{"v":67640,"d":"$67,640.00"},{"v":200,"d":"$200.00"},{"v":71200,"d":"$71,200.00"},{"v":219,"d":"$219.00"},{"v":77964,"d":"$77,964.00"},{"v":300,"d":"$300.00"},{"v":106800,"d":"$106,800.00"},{"v":209.5,"d":"$209.50"},{"v":74582,"d":"$74,582.00"}]
[null,32,"12\" Concrete Headwall Outlet",4,"EACH",{"v":1500,"d":"$1,500.00"},{"v":6000,"d":"$6,000.00"},{"v":3800,"d":"$3,800.00"},{"v":15200,"d":"$15,200.00"},{"v":1500,"d":"$1,500.00"},{"v":6000,"d":"$6,000.00"},{"v":2750,"d":"$2,750.00"},{"v":11000,"d":"$11,000.00"},{"v":2650,"d":"$2,650.00"},{"v":10600,"d":"$10,600.00"}]
[null,33,"15\" Concrete Headwall Outlet",1,"EACH",{"v":1800,"d":"$1,800.00"},{"v":1800,"d":"$1,800.00"},{"v":4000,"d":"$4,000.00"},{"v":4000,"d":"$4,000.00"},{"v":1700,"d":"$1,700.00"},{"v":1700,"d":"$1,700.00"},{"v":2750,"d":"$2,750.00"},{"v":2750,"d":"$2,750.00"},{"v":2850,"d":"$2,850.00"},{"v":2850,"d":"$2,850.00"}]
[null,34,"18\" Concrete Headwall Outlet",1,"EACH",{"v":2100,"d":"$2,100.00"},{"v":2100,"d":"$2,100.00"},{"v":4600,"d":"$4,600.00"},{"v":4600,"d":"$4,600.00"},{"v":1800,"d":"$1,800.00"},{"v":1800,"d":"$1,800.00"},{"v":2750,"d":"$2,750.00"},{"v":2750,"d":"$2,750.00"},{"v":3200,"d":"$3,200.00"},{"v":3200,"d":"$3,200.00"}]
[null,35,"18\" RCP Class III End Section ",1,"EACH",{"v":350,"d":"$350.00"},{"v":350,"d":"$350.00"},{"v":1000,"d":"$1,000.00"},{"v":1000,"d":"$1,000.00"},{"v":550,"d":"$550.00"},{"v":550,"d":"$550.00"},{"v":600,"d":"$600.00"},{"v":600,"d":"$600.00"},{"v":775,"d":"$775.00"},{"v":775,"d":"$775.00"}]
[null,36,"24\" Concrete Headwall Outlet",1,"EACH",{"v":2400,"d":"$2,400.00"},{"v":2400,"d":"$2,400.00"},{"v":5000,"d":"$5,000.00"},{"v":5000,"d":"$5,000.00"},{"v":1950,"d":"$1,950.00"},{"v":1950,"d":"$1,950.00"},{"v":2750,"d":"$2,750.00"},{"v":2750,"d":"$2,750.00"},{"v":3475,"d":"$3,475.00"},{"v":3475,"d":"$3,475.00"}]
[null,37,"24\" RCP Class III End Section",1,"EACH",{"v":470,"d":"$470.00"},{"v":470,"d":"$470.00"},{"v":1050,"d":"$1,050.00"},{"v":1050,"d":"$1,050.00"},{"v":675,"d":"$675.00"},{"v":675,"d":"$675.00"},{"v":650,"d":"$650.00"},{"v":650,"d":"$650.00"},{"v":862.5,"d":"$862.50"},{"v":862.5,"d":"$862.50"}]
[null,38,"30\" RCP Class III End Section",2,"EACH",{"v":580,"d":"$580.00"},{"v":1160,"d":"$1,160.00"},{"v":1300,"d":"$1,300.00"},{"v":2600,"d":"$2,600.00"},{"v":725,"d":"$725.00"},{"v":1450,"d":"$1,450.00"},{"v":750,"d":"$750.00"},{"v":1500,"d":"$1,500.00"},{"v":1012.5,"d":"$1,012.50"},{"v":2025,"d":"$2,025.00"}]
[null,39,"48\" Concrete Headwall Outlet",1,"EACH",{"v":6300,"d":"$6,300.00"},{"v":6300,"d":"$6,300.00"},{"v":10000,"d":"$10,000.00"},{"v":10000,"d":"$10,000.00"},{"v":5200,"d":"$5,200.00"},{"v":5200,"d":"$5,200.00"},{"v":4550,"d":"$4,550.00"},{"v":4550,"d":"$4,550.00"},{"v":7600,"d":"$7,600.00"},{"v":7600,"d":"$7,600.00"}]
[null,40,"48\" RCP Class IV End Section",1,"EACH",{"v":1500,"d":"$1,500.00"},{"v":1500,"d":"$1,500.00"},{"v":2000,"d":"$2,000.00"},{"v":2000,"d":"$2,000.00"},{"v":1500,"d":"$1,500.00"},{"v":1500,"d":"$1,500.00"},{"v":1850,"d":"$1,850.00"},{"v":1850,"d":"$1,850.00"},{"v":1750,"d":"$1,750.00"},{"v":1750,"d":"$1,750.00"}]
[null,41,"73\" x 45\" RCAP Class IV End Section ",2,"EACH",{"v":1500,"d":"$1,500.00"},{"v":3000,"d":"$3,000.00"},{"v":3000,"d":"$3,000.00"},{"v":6000,"d":"$6,000.00"},{"v":2700,"d":"$2,700.00"},{"v":5400,"d":"$5,400.00"},{"v":2100,"d":"$2,100.00"},{"v":4200,"d":"$4,200.00"},{"v":2850,"d":"$2,850.00"},{"v":5700,"d":"$5,700.00"}]
[null,42,"12\" HDPE Storm Sewer ",563,"L.F.",{"v":12,"d":"$12.00"},{"v":6756,"d":"$6,756.00"},{"v":15,"d":"$15.00"},{"v":8445,"d":"$8,445.00"},{"v":25,"d":"$25.00"},{"v":14075,"d":"$14,075.00"},{"v":32,"d":"$32.00"},{"v":18016,"d":"$18,016.00"},{"v":20,"d":"$20.00"},{"v":11260,"d":"$11,260.00"}]
[null,43,"18\" HDPE Storm Sewer",411,"L.F.",{"v":18,"d":"$18.00"},{"v":7398,"d":"$7,398.00"},{"v":26,"d":"$26.00"},{"v":10686,"d":"$10,686.00"},{"v":29,"d":"$29.00"},{"v":11919,"d":"$11,919.00"},{"v":35,"d":"$35.00"},{"v":14385,"d":"$14,385.00"},{"v":27.5,"d":"$27.50"},{"v":11302.5,"d":"$11,302.50"}]
[null,44,"18\" HDPE End Section ",1,"EACH",{"v":200,"d":"$200.00"},{"v":200,"d":"$200.00"},{"v":200,"d":"$200.00"},{"v":200,"d":"$200.00"},{"v":250,"d":"$250.00"},{"v":250,"d":"$250.00"},{"v":500,"d":"$500.00"},{"v":500,"d":"$500.00"},{"v":225,"d":"$225.00"},{"v":225,"d":"$225.00"}]
[null,45,"24\" CSP Storm Sewer",34,"L.F.",{"v":28,"d":"$28.00"},{"v":952,"d":"$952.00"},{"v":51,"d":"$51.00"},{"v":1734,"d":"$1,734.00"},{"v":40,"d":"$40.00"},{"v":1360,"d":"$1,360.00"},{"v":55,"d":"$55.00"},{"v":1870,"d":"$1,870.00"},{"v":45.5,"d":"$45.50"},{"v":1547,"d":"$1,547.00"}]
[null,46,"24\" CSP End Section ",1,"EACH",{"v":200,"d":"$200.00"},{"v":200,"d":"$200.00"},{"v":300,"d":"$300.00"},{"v":300,"d":"$300.00"},{"v":400,"d":"$400.00"},{"v":400,"d":"$400.00"},{"v":300,"d":"$300.00"},{"v":300,"d":"$300.00"},{"v":350,"d":"$350.00"},{"v":350,"d":"$350.00"}]
[null,47,"12\" Diameter Waterman C-20 Canal Gate (or approved =)",1,"EACH",{"v":700,"d":"$700.00"},{"v":700,"d":"$700.00"},{"v":2000,"d":"$2,000.00"},{"v":2000,"d":"$2,000.00"},{"v":1000,"d":"$1,000.00"},{"v":1000,"d":"$1,000.00"},{"v":1700,"d":"$1,700.00"},{"v":1700,"d":"$1,700.00"},{"v":1500,"d":"$1,500.00"},{"v":1500,"d":"$1,500.00"}]
[null,48,"Special Inlet (4'x4')",2,"EACH",{"v":3000,"d":"$3,000.00"},{"v":6000,"d":"$6,000.00"},{"v":3000,"d":"$3,000.00"},{"v":6000,"d":"$6,000.00"},{"v":3500,"d":"$3,500.00"},{"v":7000,"d":"$7,000.00"},{"v":3750,"d":"$3,750.00"},{"v":7500,"d":"$7,500.00"},{"v":3250,"d":"$3,250.00"},{"v":6500,"d":"$6,500.00"}]
[null,49,"Junction Box 4'x4' (Complete)",2,"EACH",{"v":2000,"d":"$2,000.00"},{"v":4000,"d":"$4,000.00"},{"v":3200,"d":"$3,200.00"},{"v":6400,"d":"$6,400.00"},{"v":2200,"d":"$2,200.00"},{"v":4400,"d":"$4,400.00"},{"v":3000,"d":"$3,000.00"},{"v":6000,"d":"$6,000.00"},{"v":2700,"d":"$2,700.00"},{"v":5400,"d":"$5,400.00"}]
[null,50,"Inlet (18\") (HDPE)",3,"EACH",{"v":250,"d":"$250.00"},{"v":750,"d":"$750.00"},{"v":700,"d":"$700.00"},{"v":2100,"d":"$2,100.00"},{"v":1200,"d":"$1,200.00"},{"v":3600,"d":"$3,600.00"},{"v":2000,"d":"$2,000.00"},{"v":6000,"d":"$6,000.00"},{"v":950,"d":"$950.00"},{"v":2850,"d":"$2,850.00"}]
[null,51,"Inlet Curb 7' x 3.5'",1,"EACH",{"v":2000,"d":"$2,000.00"},{"v":2000,"d":"$2,000.00"},{"v":4000,"d":"$4,000.00"},{"v":4000,"d":"$4,000.00"},{"v":2375,"d":"$2,375.00"},{"v":2375,"d":"$2,375.00"},{"v":3400,"d":"$3,400.00"},{"v":3400,"d":"$3,400.00"},{"v":3187.5,"d":"$3,187.50"},{"v":3187.5,"d":"$3,187.50"}]
[null,52,"Inlet Curb 4' x 3'",3,"EACH",{"v":1500,"d":"$1,500.00"},{"v":4500,"d":"$4,500.00"},{"v":3000,"d":"$3,000.00"},{"v":9000,"d":"$9,000.00"},{"v":1950,"d":"$1,950.00"},{"v":5850,"d":"$5,850.00"},{"v":2300,"d":"$2,300.00"},{"v":6900,"d":"$6,900.00"},{"v":2475,"d":"$2,475.00"},{"v":7425,"d":"$7,425.00"}]
[null,53,"Inlet Curb 12' x 4'",1,"EACH",{"v":4000,"d":"$4,000.00"},{"v":4000,"d":"$4,000.00"},{"v":6000,"d":"$6,000.00"},{"v":6000,"d":"$6,000.00"},{"v":4250,"d":"$4,250.00"},{"v":4250,"d":"$4,250.00"},{"v":5410,"d":"$5,410.00"},{"v":5410,"d":"$5,410.00"},{"v":5125,"d":"$5,125.00"},{"v":5125,"d":"$5,125.00"}]
[null,54,"Landform Riprap",502,"L.F.",{"v":30,"d":"$30.00"},{"v":15060,"d":"$15,060.00"},{"v":100,"d":"$100.00"},{"v":50200,"d":"$50,200.00"},{"v":70,"d":"$70.00"},{"v":35140,"d":"$35,140.00"},{"v":85,"d":"$85.00"},{"v":42670,"d":"$42,670.00"},{"v":85,"d":"$85.00"},{"v":42670,"d":"$42,670.00"}]
[null,55,"Toe Riprap",1903,"L.F.",{"v":111,"d":"$111.00"},{"v":211233,"d":"$211,233.00"},{"v":80,"d":"$80.00"},{"v":152240,"d":"$152,240.00"},{"v":117,"d":"$117.00"},{"v":222651,"d":"$222,651.00"},{"v":115,"d":"$115.00"},{"v":218845,"d":"$218,845.00"},{"v":98.5,"d":"$98.50"},{"v":187445.5,"d":"$187,445.50"}]
[null,56,"Landform and Toe Riprap",835,"L.F.",{"v":162,"d":"$162.00"},{"v":135270,"d":"$135,270.00"},{"v":170,"d":"$170.00"},{"v":141950,"d":"$141,950.00"},{"v":190,"d":"$190.00"},{"v":158650,"d":"$158,650.00"},{"v":115,"d":"$115.00"},{"v":96025,"d":"$96,025.00"},{"v":180,"d":"$180.00"},{"v":150300,"d":"$150,300.00"}]
[null,57,"In-Channel Riprap",386,"L.F.",{"v":168,"d":"$168.00"},{"v":64848,"d":"$64,848.00"},{"v":94,"d":"$94.00"},{"v":36284,"d":"$36,284.00"},{"v":135,"d":"$135.00"},{"v":52110,"d":"$52,110.00"},{"v":80,"d":"$80.00"},{"v":30880,"d":"$30,880.00"},{"v":114.5,"d":"$114.50"},{"v":44197,"d":"$44,197.00"}]
[null,58,"Pond Spillway Riprap",71,"L.F.",{"v":215,"d":"$215.00"},{"v":15265,"d":"$15,265.00"},{"v":370,"d":"$370.00"},{"v":26270,"d":"$26,270.00"},{"v":500,"d":"$500.00"},{"v":35500,"d":"$35,500.00"},{"v":335,"d":"$335.00"},{"v":23785,"d":"$23,785.00"},{"v":435,"d":"$435.00"},{"v":30885,"d":"$30,885.00"}]
[null,59,"Grouted Riprap at outlets (KDOT Light 18\" Stone)",169,"S.Y.",{"v":50,"d":"$50.00"},{"v":8450,"d":"$8,450.00"},{"v":76,"d":"$76.00"},{"v":12844,"d":"$12,844.00"},{"v":75,"d":"$75.00"},{"v":12675,"d":"$12,675.00"},{"v":95,"d":"$95.00"},{"v":16055,"d":"$16,055.00"},{"v":75.5,"d":"$75.50"},{"v":12759.5,"d":"$12,759.50"}]
[null,60,"Non-Grouted Riprap at outlets (KDOT Light 18\" Stone)",20,"S.Y.",{"v":35,"d":"$35.00"},{"v":700,"d":"$700.00"},{"v":137,"d":"$137.00"},{"v":2740,"d":"$2,740.00"},{"v":55,"d":"$55.00"},{"v":1100,"d":"$1,100.00"},{"v":250,"d":"$250.00"},{"v":5000,"d":"$5,000.00"},{"v":96,"d":"$96.00"},{"v":1920,"d":"$1,920.00"}]
[null,61,"Non-Grouted Riprap at outlets (KDOT 1/4 Ton Stone)",40,"S.Y.",{"v":50,"d":"$50.00"},{"v":2000,"d":"$2,000.00"},{"v":133,"d":"$133.00"},{"v":5320,"d":"$5,320.00"},{"v":55,"d":"$55.00"},{"v":2200,"d":"$2,200.00"},{"v":275,"d":"$275.00"},{"v":11000,"d":"$11,000.00"},{"v":94,"d":"$94.00"},{"v":3760,"d":"$3,760.00"}]
[null,62,"24\" Class 50 DIP Sanitary Sewer",340,"L.F.",{"v":800,"d":"$800.00"},{"v":272000,"d":"$272,000.00"},{"v":119,"d":"$119.00"},{"v":40460,"d":"$40,460.00"},{"v":370,"d":"$370.00"},{"v":125800,"d":"$125,800.00"},{"v":220,"d":"$220.00"},{"v":74800,"d":"$74,800.00"},{"v":244.5,"d":"$244.50"},{"v":83130,"d":"$83,130.00"}]
[null,63,"Sanitary Sewer Encasement",155,"L.F.",{"v":80,"d":"$80.00"},{"v":12400,"d":"$12,400.00"},{"v":65,"d":"$65.00"},{"v":10075,"d":"$10,075.00"},{"v":100,"d":"$100.00"},{"v":15500,"d":"$15,500.00"},{"v":65,"d":"$65.00"},{"v":10075,"d":"$10,075.00"},{"v":82.5,"d":"$82.50"},{"v":12787.5,"d":"$12,787.50"}]
[null,64,"Flowable Fill",33,"C.Y.",{"v":60,"d":"$60.00"},{"v":1980,"d":"$1,980.00"},{"v":197,"d":"$197.00"},{"v":6501,"d":"$6,501.00"},{"v":75,"d":"$75.00"},{"v":2475,"d":"$2,475.00"},{"v":200,"d":"$200.00"},{"v":6600,"d":"$6,600.00"},{"v":136,"d":"$136.00"},{"v":4488,"d":"$4,488.00"}]
[null,65,"Manhole (4') (Sanitary)",1,"EACH",{"v":2800,"d":"$2,800.00"},{"v":2800,"d":"$2,800.00"},{"v":4000,"d":"$4,000.00"},{"v":4000,"d":"$4,000.00"},{"v":11325,"d":"$11,325.00"},{"v":11325,"d":"$11,325.00"},{"v":5250,"d":"$5,250.00"},{"v":5250,"d":"$5,250.00"},{"v":7662.5,"d":"$7,662.50"},{"v":7662.5,"d":"$7,662.50"}]
[null,66,"Manhole (5') (Sanitary)",2,"EACH",{"v":6150,"d":"$6,150.00"},{"v":12300,"d":"$12,300.00"},{"v":5000,"d":"$5,000.00"},{"v":10000,"d":"$10,000.00"},{"v":7050,"d":"$7,050.00"},{"v":14100,"d":"$14,100.00"},{"v":6025,"d":"$6,025.00"},{"v":12050,"d":"$12,050.00"},{"v":6025,"d":"$6,025.00"},{"v":12050,"d":"$12,050.00"}]
[null,67,"Adjustment of Manhole",2,"EACH",{"v":2000,"d":"$2,000.00"},{"v":4000,"d":"$4,000.00"},{"v":1000,"d":"$1,000.00"},{"v":2000,"d":"$2,000.00"},{"v":500,"d":"$500.00"},{"v":1000,"d":"$1,000.00"},{"v":1000,"d":"$1,000.00"},{"v":2000,"d":"$2,000.00"},{"v":750,"d":"$750.00"},{"v":1500,"d":"$1,500.00"}]
[null,68,"Fence (72\" Chain Link)",611,"L.F.",{"v":15,"d":"$15.00"},{"v":9165,"d":"$9,165.00"},{"v":10,"d":"$10.00"},{"v":6110,"d":"$6,110.00"},{"v":15.5,"d":"$15.50"},{"v":9470.5,"d":"$9,470.50"},{"v":20,"d":"$20.00"},{"v":12220,"d":"$12,220.00"},{"v":12.75,"d":"$12.75"},{"v":7790.25,"d":"$7,790.25"}]
[null,69,"Fence (48\" Chain Link)",400,"L.F.",{"v":9,"d":"$9.00"},{"v":3600,"d":"$3,600.00"},{"v":8.5,"d":"$8.50"},{"v":3400,"d":"$3,400.00"},{"v":9.5,"d":"$9.50"},{"v":3800,"d":"$3,800.00"},{"v":18,"d":"$18.00"},{"v":7200,"d":"$7,200.00"},{"v":9,"d":"$9.00"},{"v":3600,"d":"$3,600.00"}]
[null,70,"Temporary Fence",6100,"L.F.",{"v":2,"d":"$2.00"},{"v":12200,"d":"$12,200.00"},{"v":3,"d":"$3.00"},{"v":18300,"d":"$18,300.00"},{"v":2.5,"d":"$2.50"},{"v":15250,"d":"$15,250.00"},{"v":6,"d":"$6.00"},{"v":36600,"d":"$36,600.00"},{"v":2.75,"d":"$2.75"},{"v":16775,"d":"$16,775.00"}]
[null,71,"Street Lighting Installation/Modification",1,"L.S.",{"v":8600,"d":"$8,600.00"},{"v":8600,"d":"$8,600.00"},{"v":12000,"d":"$12,000.00"},{"v":12000,"d":"$12,000.00"},{"v":15775,"d":"$15,775.00"},{"v":15775,"d":"$15,775.00"},{"v":12000,"d":"$12,000.00"},{"v":12000,"d":"$12,000.00"},{"v":13887.5,"d":"$13,887.50"},{"v":13887.5,"d":"$13,887.50"}]
[null,72,"Conduit (2\" Sch.40 HDPE)",275,"L.F.",{"v":10,"d":"$10.00"},{"v":2750,"d":"$2,750.00"},{"v":10,"d":"$10.00"},{"v":2750,"d":"$2,750.00"},{"v":12.5,"d":"$12.50"},{"v":3437.5,"d":"$3,437.50"},{"v":12,"d":"$12.00"},{"v":3300,"d":"$3,300.00"},{"v":11.25,"d":"$11.25"},{"v":3093.75,"d":"$3,093.75"}]
[null,73,"Junction Box (Type I) (for electrical utilities)",3,"EACH",{"v":300,"d":"$300.00"},{"v":900,"d":"$900.00"},{"v":400,"d":"$400.00"},{"v":1200,"d":"$1,200.00"},{"v":450,"d":"$450.00"},{"v":1350,"d":"$1,350.00"},{"v":400,"d":"$400.00"},{"v":1200,"d":"$1,200.00"},{"v":425,"d":"$425.00"},{"v":1275,"d":"$1,275.00"}]
[null,74,"Traffic Loop Detectors",2,"EACH",{"v":550,"d":"$550.00"},{"v":1100,"d":"$1,100.00"},{"v":1000,"d":"$1,000.00"},{"v":2000,"d":"$2,000.00"},{"v":1225,"d":"$1,225.00"},{"v":2450,"d":"$2,450.00"},{"v":1400,"d":"$1,400.00"},{"v":2800,"d":"$2,800.00"},{"v":1112.5,"d":"$1,112.50"},{"v":2225,"d":"$2,225.00"}]
[null,75,"Permanent Signing",1,"L.S.",{"v":4000,"d":"$4,000.00"},{"v":4000,"d":"$4,000.00"},{"v":1800,"d":"$1,800.00"},{"v":1800,"d":"$1,800.00"},{"v":5000,"d":"$5,000.00"},{"v":5000,"d":"$5,000.00"},{"v":1700,"d":"$1,700.00"},{"v":1700,"d":"$1,700.00"},{"v":3400,"d":"$3,400.00"},{"v":3400,"d":"$3,400.00"}]
[null,76,"Traffic Control",1,"L.S.",{"v":20000,"d":"$20,000.00"},{"v":20000,"d":"$20,000.00"},{"v":10000,"d":"$10,000.00"},{"v":10000,"d":"$10,000.00"},{"v":35000,"d":"$35,000.00"},{"v":35000,"d":"$35,000.00"},{"v":8680,"d":"$8,680.00"},{"v":8680,"d":"$8,680.00"},{"v":22500,"d":"$22,500.00"},{"v":22500,"d":"$22,500.00"}]
[null,77,"Permanent Pavement Marking",1,"L.S.",{"v":4000,"d":"$4,000.00"},{"v":4000,"d":"$4,000.00"},{"v":4500,"d":"$4,500.00"},{"v":4500,"d":"$4,500.00"},{"v":5500,"d":"$5,500.00"},{"v":5500,"d":"$5,500.00"},{"v":4630,"d":"$4,630.00"},{"v":4630,"d":"$4,630.00"},{"v":5000,"d":"$5,000.00"},{"v":5000,"d":"$5,000.00"}]
[null,78,"Timber Retaining Wall",1,"L.S.",{"v":3600,"d":"$3,600.00"},{"v":3600,"d":"$3,600.00"},{"v":5000,"d":"$5,000.00"},{"v":5000,"d":"$5,000.00"},{"v":3250,"d":"$3,250.00"},{"v":3250,"d":"$3,250.00"},{"v":5400,"d":"$5,400.00"},{"v":5400,"d":"$5,400.00"},{"v":4125,"d":"$4,125.00"},{"v":4125,"d":"$4,125.00"}]
[null,79,"Temporary Ditch Check",880,"L.F.",{"v":2.5,"d":"$2.50"},{"v":2200,"d":"$2,200.00"},{"v":8,"d":"$8.00"},{"v":7040,"d":"$7,040.00"},{"v":3,"d":"$3.00"},{"v":2640,"d":"$2,640.00"},{"v":8,"d":"$8.00"},{"v":7040,"d":"$7,040.00"},{"v":5.5,"d":"$5.50"},{"v":4840,"d":"$4,840.00"}]
[null,80,"Temporary Slope Barrier",11570,"L.F.",{"v":2.5,"d":"$2.50"},{"v":28925,"d":"$28,925.00"},{"v":2,"d":"$2.00"},{"v":23140,"d":"$23,140.00"},{"v":3,"d":"$3.00"},{"v":34710,"d":"$34,710.00"},{"v":4,"d":"$4.00"},{"v":46280,"d":"$46,280.00"},{"v":2.5,"d":"$2.50"},{"v":28925,"d":"$28,925.00"}]
[null,81,"Turf Reinforced Matrix",755,"S.Y.",{"v":2,"d":"$2.00"},{"v":1510,"d":"$1,510.00"},{"v":9.3,"d":"$9.30"},{"v":7021.500000000001,"d":"$7,021.50"},{"v":9.25,"d":"$9.25"},{"v":6983.75,"d":"$6,983.75"},{"v":13,"d":"$13.00"},{"v":9815,"d":"$9,815.00"},{"v":9.275,"d":"$9.28"},{"v":7002.625,"d":"$7,002.63"}]
[null,82,"Turf Fescue Seeding",20,"ACRE",{"v":2500,"d":"$2,500.00"},{"v":50000,"d":"$50,000.00"},{"v":1300,"d":"$1,300.00"},{"v":26000,"d":"$26,000.00"},{"v":1250,"d":"$1,250.00"},{"v":25000,"d":"$25,000.00"},{"v":1100,"d":"$1,100.00"},{"v":22000,"d":"$22,000.00"},{"v":1275,"d":"$1,275.00"},{"v":25500,"d":"$25,500.00"}]
[null,83,"Kentucky Bluegrass Sod",38265,"S.Y.",{"v":3,"d":"$3.00"},{"v":114795,"d":"$114,795.00"},{"v":2.5,"d":"$2.50"},{"v":95662.5,"d":"$95,662.50"},{"v":2.5,"d":"$2.50"},{"v":95662.5,"d":"$95,662.50"},{"v":3,"d":"$3.00"},{"v":114795,"d":"$114,795.00"},{"v":2.5,"d":"$2.50"},{"v":95662.5,"d":"$95,662.50"}]
[null,84,"Project Sign",1,"EACH",{"v":500,"d":"$500.00"},{"v":500,"d":"$500.00"},{"v":500,"d":"$500.00"},{"v":500,"d":"$500.00"},{"v":250,"d":"$250.00"},{"v":250,"d":"$250.00"},{"v":425,"d":"$425.00"},{"v":425,"d":"$425.00"},{"v":375,"d":"$375.00"},{"v":375,"d":"$375.00"}]
[null,85,"Project Sign (S.M.A.C.)",1,"EACH",{"v":500,"d":"$500.00"},{"v":500,"d":"$500.00"},{"v":500,"d":"$500.00"},{"v":500,"d":"$500.00"},{"v":350,"d":"$350.00"},{"v":350,"d":"$350.00"},{"v":150,"d":"$150.00"},{"v":150,"d":"$150.00"},{"v":425,"d":"$425.00"},{"v":425,"d":"$425.00"}]
[null,86,"Gauging Station  ",1,"L.S.",{"v":6200,"d":"$6,200.00"},{"v":6200,"d":"$6,200.00"},{"v":10000,"d":"$10,000.00"},{"v":10000,"d":"$10,000.00"},{"v":17525.5,"d":"$17,525.50"},{"v":17525.5,"d":"$17,525.50"},{"v":13000,"d":"$13,000.00"},{"v":13000,"d":"$13,000.00"},{"v":13762.75,"d":"$13,762.75"},{"v":13762.75,"d":"$13,762.75"}]
[null,87,"Contractor Construction Staking",1,"L.S.",{"v":25000,"d":"$25,000.00"},{"v":25000,"d":"$25,000.00"},{"v":20000,"d":"$20,000.00"},{"v":20000,"d":"$20,000.00"},{"v":22536,"d":"$22,536.00"},{"v":22536,"d":"$22,536.00"},{"v":20000,"d":"$20,000.00"},{"v":20000,"d":"$20,000.00"},{"v":21268,"d":"$21,268.00"},{"v":21268,"d":"$21,268.00"}]
[null,88,"Contractor Construction Staking",1,"L.S.",{"v":7500,"d":"$7,500.00"},{"v":7500,"d":"$7,500.00"},{"v":3000,"d":"$3,000.00"},{"v":3000,"d":"$3,000.00"},{"v":3000,"d":"$3,000.00"},{"v":3000,"d":"$3,000.00"},{"v":3000,"d":"$3,000.00"},{"v":3000,"d":"$3,000.00"},{"v":3000,"d":"$3,000.00"},{"v":3000,"d":"$3,000.00"}]
[null,89,"Remove/Replace R.W.I.S.",1,"L.S.",{"v":5000,"d":"$5,000.00"},{"v":5000,"d":"$5,000.00"},{"v":15000,"d":"$15,000.00"},{"v":15000,"d":"$15,000.00"},{"v":22000,"d":"$22,000.00"},{"v":22000,"d":"$22,000.00"},{"v":16000,"d":"$16,000.00"},{"v":16000,"d":"$16,000.00"},{"v":18500,"d":"$18,500.00"},{"v":18500,"d":"$18,500.00"}]
[null,90,"Eiruv (Barrier Wire)",1,"L.S.",{"v":5000,"d":"$5,000.00"},{"v":5000,"d":"$5,000.00"},{"v":5000,"d":"$5,000.00"},{"v":5000,"d":"$5,000.00"},{"v":5000,"d":"$5,000.00"},{"v":5000,"d":"$5,000.00"},{"v":18000,"d":"$18,000.00"},{"v":18000,"d":"$18,000.00"},{"v":5000,"d":"$5,000.00"},{"v":5000,"d":"$5,000.00"}]
[null,91,"Permanent 100-Amp Service",1,"L.S.",{"v":1200,"d":"$1,200.00"},{"v":1200,"d":"$1,200.00"},{"v":4000,"d":"$4,000.00"},{"v":4000,"d":"$4,000.00"},{"v":3550,"d":"$3,550.00"},{"v":3550,"d":"$3,550.00"},{"v":3000,"d":"$3,000.00"},{"v":3000,"d":"$3,000.00"},{"v":3775,"d":"$3,775.00"},{"v":3775,"d":"$3,775.00"}]
[null,92,"Relocate 4\" CIP",1,"L.S.",{"v":1800,"d":"$1,800.00"},{"v":1800,"d":"$1,800.00"},{"v":2500,"d":"$2,500.00"},{"v":2500,"d":"$2,500.00"},{"v":13500,"d":"$13,500.00"},{"v":13500,"d":"$13,500.00"},{"v":5000,"d":"$5,000.00"},{"v":5000,"d":"$5,000.00"},{"v":8000,"d":"$8,000.00"},{"v":8000,"d":"$8,000.00"}]
[null,null,"CIVIL/ROADWAY SUBTOTAL",{"$nulls":3},{"v":2316406,"d":"$2,316,406.00"},null,{"v":1921919,"d":"$1,921,919.00"},null,{"v":2051111.25,"d":"$2,051,111.25"},null,{"v":2370216.5,"d":"$2,370,216.50"},null,{"v":1986515.125,"d":"$1,986,515.13"}]
[]
[null,null,"Bridge"]
[{"$nulls":5},"Engineer's Opinion",null,"PYRAMID EXCAVATING & CONSTRUCTION",null,"MILES EXCAVATING",null,"PYRAMID CONTRACTORS",null,"Average Bid"]
[null,"ITEM NO.","ITEM DESCRIPTION","TOTAL QUANTITY","UNIT","UNIT COST","TOTAL","UNIT COST","TOTAL","UNIT COST","TOTAL","UNIT COST","TOTAL","UNIT COST","TOTAL"]
[null,1,"Class I Excavation",164,"C.Y.",{"v":40,"d":"$40.00"},{"v":6560,"d":"$6,560.00"},{"v":27,"d":"$27.00"},{"v":4428,"d":"$4,428.00"},{"v":25,"d":"$25.00"},{"v":4100,"d":"$4,100.00"},{"v":18,"d":"$18.00"},{"v":2952,"d":"$2,952.00"},{"v":26,"d":"$26.00"},{"v":4264,"d":"$4,264.00"}]
[null,2,"Class II Excavation",438,"C.Y.",{"v":50,"d":"$50.00"},{"v":21900,"d":"$21,900.00"},{"v":55,"d":"$55.00"},{"v":24090,"d":"$24,090.00"},{"v":52,"d":"$52.00"},{"v":22776,"d":"$22,776.00"},{"v":40,"d":"$40.00"},{"v":17520,"d":"$17,520.00"},{"v":53.5,"d":"$53.50"},{"v":23433,"d":"$23,433.00"}]
[null,3,"Class AAA (AE) Structural Concrete",945,"C.Y.",{"v":450,"d":"$450.00"},{"v":425250,"d":"$425,250.00"},{"v":515,"d":"$515.00"},{"v":486675,"d":"$486,675.00"},{"v":495,"d":"$495.00"},{"v":467775,"d":"$467,775.00"},{"v":620,"d":"$620.00"},{"v":585900,"d":"$585,900.00"},{"v":505,"d":"$505.00"},{"v":477225,"d":"$477,225.00"}]
[null,4,"Steel Piles (HP 10x42)",198,"L.F.",{"v":30,"d":"$30.00"},{"v":5940,"d":"$5,940.00"},{"v":70,"d":"$70.00"},{"v":13860,"d":"$13,860.00"},{"v":65,"d":"$65.00"},{"v":12870,"d":"$12,870.00"},{"v":36,"d":"$36.00"},{"v":7128,"d":"$7,128.00"},{"v":67.5,"d":"$67.50"},{"v":13365,"d":"$13,365.00"}]
[null,5,"Bridge Backwall Protection System",62,"S.Y.",{"v":30,"d":"$30.00"},{"v":1860,"d":"$1,860.00"},{"v":34,"d":"$34.00"},{"v":2108,"d":"$2,108.00"},{"v":32,"d":"$32.00"},{"v":1984,"d":"$1,984.00"},{"v":22.5,"d":"$22.50"},{"v":1395,"d":"$1,395.00"},{"v":33,"d":"$33.00"},{"v":2046,"d":"$2,046.00"}]
[null,6,"Abutment Strip Drains",62,"S.Y.",{"v":35,"d":"$35.00"},{"v":2170,"d":"$2,170.00"},{"v":67,"d":"$67.00"},{"v":4154,"d":"$4,154.00"},{"v":63,"d":"$63.00"},{"v":3906,"d":"$3,906.00"},{"v":28,"d":"$28.00"},{"v":1736,"d":"$1,736.00"},{"v":65,"d":"$65.00"},{"v":4030,"d":"$4,030.00"}]
[null,7,"Abutment Flowable Backfill",32,"C.Y.",{"v":75,"d":"$75.00"},{"v":2400,"d":"$2,400.00"},{"v":153,"d":"$153.00"},{"v":4896,"d":"$4,896.00"},{"v":145,"d":"$145.00"},{"v":4640,"d":"$4,640.00"},{"v":115,"d":"$115.00"},{"v":3680,"d":"$3,680.00"},{"v":149,"d":"$149.00"},{"v":4768,"d":"$4,768.00"}]
[null,8,"Silica Fume Overlay (1.5\")",718,"S.Y.",{"v":32,"d":"$32.00"},{"v":22976,"d":"$22,976.00"},{"v":36.5,"d":"$36.50"},{"v":26207,"d":"$26,207.00"},{"v":34.5,"d":"$34.50"},{"v":24771,"d":"$24,771.00"},{"v":35,"d":"$35.00"},{"v":25130,"d":"$25,130.00"},{"v":35.5,"d":"$35.50"},{"v":25489,"d":"$25,489.00"}]
[null,9,"Handrail (42\")",369,"L.F.",{"v":50,"d":"$50.00"},{"v":18450,"d":"$18,450.00"},{"v":140,"d":"$140.00"},{"v":51660,"d":"$51,660.00"},{"v":133,"d":"$133.00"},{"v":49077,"d":"$49,077.00"},{"v":88,"d":"$88.00"},{"v":32472,"d":"$32,472.00"},{"v":136.5,"d":"$136.50"},{"v":50368.5,"d":"$50,368.50"}]
[null,10,"Slope Protection (KDOT Heavy Series, 1/4 ton)",830,"C.Y.",{"v":75,"d":"$75.00"},{"v":62250,"d":"$62,250.00"},{"v":37,"d":"$37.00"},{"v":30710,"d":"$30,710.00"},{"v":48.5,"d":"$48.50"},{"v":40255,"d":"$40,255.00"},{"v":49,"d":"$49.00"},{"v":40670,"d":"$40,670.00"},{"v":42.75,"d":"$42.75"},{"v":35482.5,"d":"$35,482.50"}]
[null,11,"Bedding for Slope Protection",101,"C.Y.",{"v":10,"d":"$10.00"},{"v":1010,"d":"$1,010.00"},{"v":43,"d":"$43.00"},{"v":4343,"d":"$4,343.00"},{"v":74.5,"d":"$74.50"},{"v":7524.5,"d":"$7,524.50"},{"v":65,"d":"$65.00"},{"v":6565,"d":"$6,565.00"},{"v":58.75,"d":"$58.75"},{"v":5933.75,"d":"$5,933.75"}]
[null,null,"BRIDGE SUBTOTAL",{"$nulls":3},{"v":570766,"d":"$570,766.00"},null,{"v":653131,"d":"$653,131.00"},null,{"v":639678.5,"d":"$639,678.50"},null,{"v":725148,"d":"$725,148.00"},null,{"v":646404.75,"d":"$646,404.75"}]
[]
[]
[null,null,"TOTAL BID",{"$nulls":3},{"v":2887172,"d":"$2,887,172"},null,{"v":2575050,"d":"$2,575,050.00"},null,{"v":2690789.75,"d":"$2,690,789.75"},null,{"v":3095364.5,"d":"$3,095,364.50"},null,{"v":2632919.875,"d":"$2,632,919.88"}]